Accounting for non-accountants /
This book is about: Basic accounting concepts; Double-entry bookeeping; Financial accounting reports; Accounting principles; Accounting standards; ...
Enregistré dans:
| Auteur principal: | |
|---|---|
| Autres auteurs: | |
| Format: | Livre |
| Langue: | English |
| Publié: |
South Melbourne :
Nelson ITP,
1998.
|
| Sujets: | |
| Tags: |
Ajouter un tag
Pas de tags, Soyez le premier à ajouter un tag!
|
| Thư viện lưu trữ: | Mạng thư viện Đại học Đà Nẵng |
|---|
| LEADER | 01055cam a2200361 i 4500 | ||
|---|---|---|---|
| 001 | 000048313 | ||
| 003 | 8026 | ||
| 005 | 20030312133749.0 | ||
| 008 | 010324|1998 vm 000 eng | ||
| 020 | |a 0170092291 | ||
| 040 | |a IRC |c IRC |d IRC | ||
| 041 | 0 | |a eng | |
| 082 | 1 | 4 | |a 657.044 |b BA-S |
| 100 | 1 | |a Battistutta, Sonia. | |
| 245 | 0 | 0 | |a Accounting for non-accountants / |c Silvana Duncan, Sonia Battistutta. |
| 260 | |a South Melbourne : |b Nelson ITP, |c 1998. | ||
| 300 | |a xii, 396 p. ; |c 24cm. | ||
| 520 | 3 | |a This book is about: Basic accounting concepts; Double-entry bookeeping; Financial accounting reports; Accounting principles; Accounting standards; ... | |
| 630 | 0 | 4 | |a Australia. |
| 630 | 0 | 4 | |a Accounting. |
| 650 | 0 | 4 | |a Accounting. |
| 650 | 0 | 4 | |a Accounting |z Australia. |
| 700 | 1 | |a Duncan, Silvana. | |
| OWN | |a DUT | ||
| 999 | |a From the UDN01 | ||
| TYP | |a Monograph | ||
| TYP | |a Printed language | ||
| 980 | |a Mạng thư viện Đại học Đà Nẵng | ||


